000 00622nam a2200229Ia 4500
003 OSt
005 20221007071217.0
006 a|||||r|||| 00| 0
007 ta
008 221006b |||||||| |||| 00| 0 eng d
024 _a11,398
037 _cTextual
040 _aFLL
_cFLL
_beng
041 _2eng
_aeng
082 _aVIN48.N4M15, J0
100 _aCurrey C.H. Au.
_9688340
245 0 _aBritish commonwealth since 1815
260 _aLondon
_bAngus and robertson London
_c1950
300 _a471p
_ccm.
942 _hVIN48.N4M15, J0
_cTEXL
_2CC
999 _c1142777
_d1142777